| Tag |
First Indicator |
Second Indicator |
Subfields |
| LEADER |
00000cam a2200000 a 4500 |
| 001 |
in00000048881 |
| 005 |
20151007075723.0 |
| 008 |
801209s1975 dcua b 00010 engm |
| 010 |
|
|
|a 80137120
|
| 020 |
|
|
|a 0877661561 (pbk.)
|
| 035 |
|
|
|a (OCoLC)07172862
|
| 035 |
|
|
|9 AAF3713AM
|
| 040 |
|
|
|a DLC
|c DLC
|d m.c.
|d TXA
|d UtOrBLW
|
| 043 |
|
|
|a n-us---
|
| 049 |
|
|
|a TXAM
|c 1 [1197033], 2 [804133]
|
| 050 |
0 |
0 |
|a HV95
|b U7 1975
|
| 082 |
0 |
|
|a 362.8/282/0973
|2 19
|
| 110 |
2 |
|
|a Urban Institute.
|
| 245 |
1 |
0 |
|a Income transfers and family structure /
|c Isabel V. Sawhill [and others].
|
| 264 |
|
1 |
|a Washington, D.C. :
|b Urban Institute,
|c 1975.
|
| 300 |
|
|
|a viii, 211 pages :
|b illustrations ;
|c 28 cm.
|
| 336 |
|
|
|a text
|b txt
|2 rdacontent
|
| 337 |
|
|
|a unmediated
|b n
|2 rdamedia
|
| 338 |
|
|
|a volume
|b nc
|2 rdacarrier
|
| 490 |
1 |
|
|a An Urban Institute paper
|
| 504 |
|
|
|a Includes bibliographies.
|
| 650 |
|
0 |
|a Income maintenance programs
|z United States.
|
| 650 |
|
0 |
|a Family policy
|z United States.
|
| 650 |
|
0 |
|a Single-parent families
|z United States.
|
| 700 |
1 |
|
|a Sawhill, Isabel V.
|
| 830 |
|
0 |
|a Urban Institute paper.
|
| 999 |
|
|
|a MARS
|
| 999 |
f |
f |
|s bc0005ba-8e8e-3803-9f03-467681b73211
|i 5de7b83a-71f0-312c-a681-c9742d740e8f
|t 0
|
| 952 |
f |
f |
|p ric
|a Texas A&M University
|b Rellis Campus
|c Joint Library Facility
|d Remote Storage
|t 0
|e HV95 U7 1975
|h Library of Congress classification
|i unmediated -- volume
|m A14807713554
|
| 998 |
f |
f |
|a HV95 U7 1975
|t 0
|l Remote Storage
|